000 02928nam0a2200457 4500
001 RU\NLR\BIBL_A\016314171
005 20250625035712.0
010 _a978-5-238-03658-8
_9500
021 _aRU
_b2023-5634
_9КН-П-550
035 _a(RuMoRGB)011565884
035 _a(NLR Aleph) 016314171
090 _a13011954
_c13011954
100 _a20230317d2022 |||y0rusy50 ca
101 0 _aeng
102 _aRU
105 _aa j 000zy
181 0 _ai
_baxxe
181 0 _ab1
_baxxe
182 0 _an
200 1 _aInternational system of combating the legalization (laundering) of proceeds from crime, the financing of terrorism and the financing of the proliferation of weapons of mass destruction
_eteaching manual for students of higher education institutions
_f[P. V. Livadny, V. P. Nechaev, G. Yu. Neglyad et al.]
_gedited by G. Yu. Neglyad, Yu. V. Lafitskaya
_gInternational training and methodology centre for financial monitoring
203 _aТекст
_bвизуальный
_cнепосредственный
210 _aMoscow
_cUNITY-DANA
_d2022
215 _a431 с.
_cцв. табл.
_d22
320 _aБиблиогр.: с. 414-417 и в подстроч. примеч.
320 _aАвт. указаны в кн. на 3-й с.
541 1 _aМеждународная система противодействия легализации (отмыванию) доходов, полученных преступным путем, финансированию терроризма и финансированию распространения оружия массового поражения : учебное пособие для студентов высших учебных заведений
606 1 _aТерроризм
_xФинансирование
_xБорьба с ним
_xПравовые вопросы
_92309480
_3RU\NLR\AUTH\6601608052
606 1 _aОтмывание денег
_xБорьба с ним
_xМеждународно-правовые вопросы
_92108891
_3RU\NLR\AUTH\661274698
606 1 _aОружие массового поражения
_xНераспространение
_xМеждународный контроль
_92547192
_3RU\NLR\AUTH\661507537
686 1 _aХ916.8
686 1 _aХ919.141.2
701 1 _7ba
_8rus
_aLivadnyj
_bP. V.
_f1973-
_gPavel Valer'evič
_9255463
_3RU\NLR\AUTH\770255519
701 1 _7ba
_8rus
_aNečaev
_bV. P.
_cспециалист в обл. финансовой безопасности
_gVladimir Pavlovič
_9255478
_3RU\NLR\AUTH\770255534
701 1 _4070
_4340
_7ba
_8rus
_aNegljad
_bG. J.
_f1979-
_gGerman Jur'evič
_9255484
_3RU\NLR\AUTH\770255540
712 0 2 _4570
_7ba
_8eng
_aInternational training and methodology centre for financial monitoring
_cMoscow
_9845976
_3RU\NLR\AUTH\880590170
942 _cBOOK
980 _aNB